Normal view
MARC view
Entry Personal Name
001 - CONTROL NUMBER
- control field: 29080
003 - CONTROL NUMBER IDENTIFIER
- control field: ARRUPE
005 - DATE AND TIME OF LATEST TRANSACTION
- control field: 20170224112919.0
008 - FIXED-LENGTH DATA ELEMENTS
- fixed length control field: 170224|| aca||aabn | a|a d
040 ## - CATALOGING SOURCE
- Original cataloging agency: ARRUPE
- Transcribing agency: ARRUPE
100 ## - HEADING--PERSONAL NAME
- Personal name: Haig, Douglas Haig
670 ## - SOURCE DATA FOUND
- Source citation: Work cat.: (ARRUPE): Cooper, Duff 29079, Haig, 1935